00624nam a2200193Ia 4500008004100000040001400041082002100055100002400076245003500100260004500135300001100180365002600191366000800217505002900225530003000254620007600284630003500360730003500395100315s9999 xx 000 0 und d cENGLISH  b7990 a346.07  a"Krishnmurthi, S. " aGuide to Economics Legislation aNEW DELHI bOrient Law House  c1988  a922   eRupees d1 b0.00  f0  gRamakant Amar Navghare  bDonated By RBI Library   a"Economics Legislation, Indian stamp act, Essential commodities act. " aGuide to Economics Legislation aGuide to Economics Legislation